| 000 | 00000nam 2200000zi 4500 |
| 001 | 9.940460 |
| 003 | CaOODSP |
| 005 | 20250107144100 |
| 006 | m o d f |
| 007 | cr mn||||||||| |
| 008 | 240711t20232023oncd obs f000 0 eng d |
| 040 | |aCaOODSP|beng|erda|cCaOODSP |
| 086 | 1 |aCS14-28-0001/2023-1-1E-PDF |
| 245 | 00|aAverage weekly working hours, 1976 to 2022. |
| 264 | 1|a[Ottawa] : |bStatistics Canada = Statistique Canada, |c2023. |
| 264 | 4|c©2023 |
| 300 | |a1 online resource (4 pages) : |bgraphs. |
| 336 | |atext|btxt|2rdacontent |
| 337 | |acomputer|bc|2rdamedia |
| 338 | |aonline resource|bcr|2rdacarrier |
| 490 | 1 |aQuality of employment in Canada ; |x2818-1247 |
| 500 | |aCover title. |
| 500 | |a"Release date: June 13, 2023." |
| 500 | |aIssued also in French under title: Nombre moyen d'heures de travail hebdomadaires, 1976 à 2022. |
| 504 | |aIncludes bibliographical references. |
| 520 | |a"The average amount of time workers usually spent at their main job or business in 2022 was nearly 3 hours less per week than in 1976. The characteristics of workers have changed in many ways over this period, with women accounting for a growing share of employment and younger workers shifting from working full-time hours on average in 1976, to working part-time on average in 2022. Nonetheless, despite seeing a decline in their average weekly working hours over this period, men continued to work longer hours than women in 2022"--Page 1. |
| 650 | 0|aHours of labor|zCanada|vStatistics. |
| 650 | 0|aPart-time employment|zCanada|vStatistics. |
| 650 | 0|aLabor market|zCanada|vStatistics. |
| 650 | 0|aQuality of work life|zCanada|vStatistics. |
| 655 | 7|aStatistics|2lcgft |
| 710 | 2 |aStatistics Canada, |eissuing body. |
| 775 | 08|tNombre moyen d'heures de travail hebdomadaires, 1976 à 2022.|w(CaOODSP)9.940462 |
| 830 | #0|aQuality of employment in Canada,|x2818-1247|w(CaOODSP)9.940413 |
| 856 | 40|qPDF|s223 KB|uhttps://publications.gc.ca/collections/collection_2024/statcan/14-28-0001/CS14-28-0001-2023-1-1-eng.pdf |
| 856 | 4 |qHTML|sN/A|uhttps://www150.statcan.gc.ca/n1/pub/14-28-0001/2023001/article/00001-eng.htm |
| 986 | |a14280001 |